La psicología de la adolescencia

Uloženo v:
Podrobná bibliografie
Hlavní autor: Powell, Marvin (Autor)
Médium: Kniha
Jazyk:španělština
Vydáno: Ciudad de México Fondo de Cultura Económica 1975
Témata:
Tagy: Přidat tag
Žádné tagy, Buďte první, kdo vytvoří štítek k tomuto záznamu!

MARC

LEADER 00000nam a2200000 a 4500
001 UCW9766
003 CL-VaPUC
008 890619e19750000MX |||||||||||||||||spa|d
082 0 4 |a 155.5  |b POW  |2 21 
100 0 |a Powell, Marvin  |e author  |9 315166 
245 1 3 |a La psicología de la adolescencia 
300 |a 614 p 
942 |c BK 
945 |d 19890619 00:00:00  |a rbrito 
260 |a Ciudad de México  |b Fondo de Cultura Económica  |c 1975 
650 0 |a Psicología del adolescente   |9 307864 
650 0 |a Psicología del desarrollo  |9 307541 
583 |a last modification  |c 19890619 00:00:00  |k Rodrigo Vera 
999 |c 221654  |d 221652 
952 |0 0  |1 0  |4 0  |6 155_500000000000000_POW_1975  |7 0  |8 A  |9 215359  |a BIBGIM  |b BIBGIM  |d 2019-11-15  |i 2837773  |o 155.5 POW 1975  |p 2837773  |r 2025-01-15  |w 2019-11-15  |y BK  |k SSL 
952 |0 0  |1 0  |4 0  |6 155_500000000000000_POW_1975  |7 0  |8 A  |9 215360  |a BIBEDU  |b BIBEDU  |d 2019-11-15  |i 3068676  |o 155.5 POW 1975  |p 3068676  |r 2019-11-15  |w 2019-11-15  |y BK  |k EDU